| 000 | 01351cam a2200277 4500 | ||
|---|---|---|---|
| 001 | L136450 | ||
| 008 | 070131n2006 000 0 eng u | ||
| 020 |
_a0860176592 _a9780860176596 |
||
| 035 | _a(Sirsi) u136450 | ||
| 041 | 0 | _aeng | |
| 050 | 0 | 4 | _a333.73 $2 18 |
| 100 | 1 | _aWilson, S. | |
| 245 | 0 | 0 | _aAssessing risks posed by hazardous ground gases to buildings |
| 260 |
_aLondon _bCIRIA _c2006 |
||
| 300 |
_a202p. _c30cm. |
||
| 505 | 1 | _aIntroduction -- Hazardous gases -- Development of initial conceptual model and preliminary risk assessment - site characterisation -- Methods of non-intrusive and intrusive investigation -- Monitoring methodologies -- Sampling methodologies -- interpretation of results -- Assessment of risk -- Remedial options -- Post development monitoring | |
| 520 | _aDiscusses practice in the collection of relevant data and in the monitoring of programmes in a risk-based approach to gas contaminated land. Describes the mitigation and management of potentially unacceptable risk with reference to both passive and active systems of gas control. | ||
| 590 | _aKA | ||
| 651 | 4 |
_aUnited Kingdom _y |
|
| 690 | _aENVIRONMENTAL AND LAND CONSULTANCY-WASTE MANAGEMENT-HAZARDOUS WASTE TREATMENT | ||
| 700 | 1 | _aOliver, S. | |
| 700 | 1 | _aMallett, H. | |
| 700 | 1 | _aHutchings, H. | |
| 700 | 1 | _aCard, G. | |
| 942 | _n0 | ||
| 999 |
_c106394 _d106394 |
||